000 00652nam a2200205Ia 4500
005 20250508164046.0
008 008 250505s9999 xx 000 0 eng d
020 _a0-8058-2969-5
037 _aReference
040 _aFEDL
_beng
_cFEDL
041 _aeng
_2eng
084 _a507.1, MAL
_qFEDL
100 _aMalone John A. Ed.
_9777197
245 0 _aResearch and supervision in mathematics and science education
260 _aMahwah, USA
_bLawrence Erlbaum Associates, Publishers
_c1998
300 _axv,371p.
700 _a Atweh Bill Ed. Northfield Jeffrey R. Ed.
_9777198
942 _cREF
_h507.1, MAL
999 _c1386847
_d1386847